Normal view
MARC view
Entry Término temático
001 - NÚMERO DE CONTROL
- campo de control: 157767
003 - IDENTIFICADOR DEL NÚMERO DE CONTROL
- campo de control: OSt
005 - FECHA Y HORA DE LA ÚLTIMA TRANSACCIÓN
- campo de control: 20220824120613.0
008 - DATOS DE LONGITUD FIJA
- campo de control de longitud fija: 220127|| aca||aabn | a|a d
040 ## - FUENTE DE LA CATALOGACIÓN
- Centro catalogador/agencia de origen: mxchpua
- Centro/agencia transcriptor: OSt
150 1# - ENCABEZAMIENTO--TÉRMINO DE MATERIA
- Término de materia o nombre geográfico como elemento de entrada: Arándanos
670 ## - FUENTE DE DATOS ENCONTRADOS
- Cita de la fuente: Work cat.: (OSt)176046: Franco Gaytán, Iván 42960, Propuesta de establecimiento de programas prerrequisitos para un plan HACCP en la sociedad de Productores con B y con futuro del estado de Puebla, S. P. R. de R. L. de C. V. \ Iván Franco Gaytán, 2009
